[Event "Remote S7E High-156 email"]
[Site "Remote email"]
[Date "2014.08.22"]
[Round "?"]
[White "Kirwald, Franz"]
[Black "Wittal, Werner"]
[Result "0-1"]
[WhiteElo "2323"]
[BlackElo "2376"]
[PlyCount "88"]
[EventDate "2014.??.??"]
[EventType "tourn (corr)"]
[EventRounds "6"]
[EventCountry "GER"]
[SourceTitle "Corr 2015"]
[Source "ChessBase"]
[SourceDate "2015.07.17"]
[SourceVersion "1"]
[SourceVersionDate "2015.07.17"]
[SourceQuality "1"]

1. e4 e5 2. Bc4 Nc6 3. c3 Nf6 4. Qe2 Bc5 5. Nf3 d6 6. a4 a6 7. h3 0-0 8. d3 Ba7 9. 0-0 h6 10. Na3 Ne7 11. Nh4 c6 12. Ba2 d5 13. Be3 Bxe3 14. Qxe3 Qc7 15. Rfe1 Re8 16. Qe2 g5 17. Nf3 Ng6 18. Nh2 Nf4 19. Qd2 Be6 20. exd5 cxd5 21. Nc2 Qb6 22. Ne3 d4 23. Neg4 Bxa2 24. Rxa2 Nd7 25. Nf3 Qd6 26. cxd4 exd4 27. Re4 Rxe4 28. dxe4 Re8 29. e5 Nxe5 30. Ngxe5 Rxe5 31. Nxe5 Qd5 32. Nf3 Qxa2 33. Kh2 d3 34. g3 Ne6 35. Ne1 Nc5 36. a5 Qb3 37. Kg2 b6 38. axb6 Qxb6 39. Qc3 Qd6 40. Qd2 a5 41. Kg1 a4 42. h4 Qd4 43. hxg5 a3 44. bxa3 Ne4 0-1

[Event "Remote Easter Gr.F email"]
[Site "Remote email"]
[Date "2014.05.01"]
[Round "?"]
[White "Kirwald, Franz"]
[Black "Hauswald, Frank"]
[Result "1-0"]
[WhiteElo "2323"]
[BlackElo "2069"]
[PlyCount "83"]
[EventDate "2014.??.??"]
[EventType "tourn (corr)"]
[EventRounds "8"]
[EventCountry "GER"]
[SourceTitle "Corr 2015"]
[Source "ChessBase"]
[SourceDate "2015.07.17"]
[SourceVersion "1"]
[SourceVersionDate "2015.07.17"]
[SourceQuality "1"]

1. e4 e5 2. Nf3 Nc6 3. Bc4 Bc5 4. c3 Nf6 5. d4 exd4 6. cxd4 Bb4+ 7. Bd2 Bxd2+ 8. Nbxd2 Nxe4 9. Nxe4 d5 10. Bd3 dxe4 11. Bxe4 0-0 12. 0-0 Bg4 13. Bxc6 bxc6 14. b3 Qf6 15. Rc1 Rfe8 16. h3 Bxf3 17. Qxf3 Qxf3 18. gxf3 Re6 19. Rc4 a5 20. Rfc1 Ra6 21. Ra4 Rd6 22. Rc5 Kf8 23. Kg2 Ke7 24. b4 f6 25. a3 g6 26. Rcxa5 Rb6 27. Ra8 Rxd4 28. Rh8 c5 29. Rxh7+ Kd6 30. bxc5+ Kxc5 31. Rxc7+ Kd6 32. Rxd4+ Kxc7 33. a4 Rc6 34. f4 Rc5 35. Kg3 Ra5 36. Kg4 Rh5 37. Rb4 Ra5 38. h4 Kd6 39. f5 Rxf5 40. Rf4 Rxf4+ 41. Kxf4 Kc5 42. Ke4 1-0

[Event "Remote-ch Class2 Gr.A email"]
[Site "Remote email"]
[Date "2014.04.20"]
[Round "?"]
[White "Kirwald, Franz"]
[Black "Tortoza, Carlos Alberto"]
[Result "1-0"]
[WhiteElo "2328"]
[BlackElo "1560"]
[PlyCount "63"]
[EventDate "2014.??.??"]
[EventType "tourn (corr)"]
[EventRounds "10"]
[EventCountry "GER"]
[SourceTitle "Corr 2015"]
[Source "ChessBase"]
[SourceDate "2015.07.17"]
[SourceVersion "1"]
[SourceVersionDate "2015.07.17"]
[SourceQuality "1"]

1. Nf3 Nc6 2. c4 e5 3. Nc3 Bc5 4. e3 Nf6 5. Nxe5 Nxe5 6. d4 Neg4 7. dxc5 0-0 8. Be2 d6 9. cxd6 cxd6 10. 0-0 a6 11. b3 Ne5 12. Ba3 Ne8 13. c5 f5 14. cxd6 Bd7 15. Nd5 Rc8 16. Ne7+ Kh8 17. Nxc8 Qxc8 18. Rc1 Qb8 19. Qd5 Nf7 20. Rc7 Nxc7 21. dxc7 Qxc7 22. Bxf8 Kg8 23. Bc4 Bc6 24. Qd6 Qxd6 25. Bxd6 b5 26. Be6 g6 27. Rc1 Be4 28. Rc7 Kg7 29. Rxf7+ Kh6 30. Bf4+ Kh5 31. Rxh7+ Kg4 32. h3# 1-0

[Event "Remote-ch Class2 Gr.A email"]
[Site "Remote email"]
[Date "2014.04.20"]
[Round "?"]
[White "Wittig, Frank"]
[Black "Kirwald, Franz"]
[Result "1/2-1/2"]
[WhiteElo "2319"]
[BlackElo "2328"]
[PlyCount "53"]
[EventDate "2014.??.??"]
[EventType "tourn (corr)"]
[EventRounds "10"]
[EventCountry "GER"]
[SourceTitle "Corr 2015"]
[Source "ChessBase"]
[SourceDate "2015.07.17"]
[SourceVersion "1"]
[SourceVersionDate "2015.07.17"]
[SourceQuality "1"]

1. e4 e5 2. Nf3 Nc6 3. Bc4 Nf6 4. Nc3 Bc5 5. 0-0 0-0 6. d3 h6 7. Nd5 d6 8. c3 Nxd5 9. exd5 Ne7 10. Re1 Nf5 11. a4 a5 12. Bb5 Bd7 13. Bxd7 Qxd7 14. Qb3 Rfe8 15. Bd2 f6 16. Re2 Rab8 17. Rb1 Kh8 18. Qc4 Qf7 19. Qg4 Ne7 20. d4 Bb6 21. dxe5 fxe5 22. c4 Rf8 23. Rc1 Qg6 24. Qxg6 Nxg6 25. Rc3 Bc5 26. Re4 b6 27. Rb3 1/2-1/2

[Event "Remote 4 Seasons Spring email"]
[Site "Remote email"]
[Date "2014.04.15"]
[Round "?"]
[White "Galje, Hans"]
[Black "Kirwald, Franz"]
[Result "1/2-1/2"]
[WhiteElo "2339"]
[BlackElo "2328"]
[PlyCount "35"]
[EventDate "2014.??.??"]
[EventType "tourn (corr)"]
[EventRounds "11"]
[EventCountry "GER"]
[SourceTitle "Corr 2015"]
[Source "ChessBase"]
[SourceDate "2015.07.17"]
[SourceVersion "1"]
[SourceVersionDate "2015.07.17"]
[SourceQuality "1"]

1. Nf3 Nc6 2. d4 d5 3. Bf4 Bg4 4. e3 e6 5. Be2 Bd6 6. Bg3 Nf6 7. Nbd2 0-0 8. 0-0 Bxg3 9. hxg3 Re8 10. c4 Qd6 11. Rc1 Bf5 12. cxd5 exd5 13. Nb3 b6 14. Bb5 Bd7 15. Re1 Rac8 16. Ba6 Rb8 17. Bb5 Rbc8 18. Ba6 1/2-1/2

[Event "Remote 4 Seasons Spring email"]
[Site "Remote email"]
[Date "2014.04.15"]
[Round "?"]
[White "Traut, Gerhard"]
[Black "Kirwald, Franz"]
[Result "1/2-1/2"]
[WhiteElo "2351"]
[BlackElo "2328"]
[PlyCount "61"]
[EventDate "2014.??.??"]
[EventType "tourn (corr)"]
[EventRounds "11"]
[EventCountry "GER"]
[SourceTitle "Corr 2015"]
[Source "ChessBase"]
[SourceDate "2015.07.17"]
[SourceVersion "1"]
[SourceVersionDate "2015.07.17"]
[SourceQuality "1"]

1. e4 e5 2. Nf3 d6 3. d4 exd4 4. Nxd4 Be7 5. Nc3 Nf6 6. Be2 0-0 7. 0-0 c5 8. Nb3 Nc6 9. f4 Re8 10. Bf3 Bf8 11. Be3 Bf5 12. exf5 Rxe3 13. Qd2 Re8 14. Nd5 Nxd5 15. Qxd5 Qf6 16. c3 Rab8 17. Rad1 Red8 18. g4 Ne7 19. Qd3 h5 20. h3 a5 21. Qc2 d5 22. Qf2 b6 23. Nc1 d4 24. Nd3 Nd5 25. cxd4 c4 26. Ne5 Nxf4 27. Qe3 Nxh3+ 28. Kg2 Ng5 29. Rh1 Nxf3 30. Qxf3 Rxd4 31. Rxd4 1/2-1/2

[Event "Remote S7E Pro email"]
[Site "Remote email"]
[Date "2014.03.18"]
[Round "?"]
[White "Kirwald, Franz"]
[Black "Koenig, Uwe"]
[Result "1/2-1/2"]
[WhiteElo "2328"]
[BlackElo "2443"]
[PlyCount "68"]
[EventDate "2014.??.??"]
[EventType "tourn (corr)"]
[EventRounds "6"]
[EventCountry "GER"]
[SourceTitle "Corr 2015"]
[Source "ChessBase"]
[SourceDate "2015.07.17"]
[SourceVersion "1"]
[SourceVersionDate "2015.07.17"]
[SourceQuality "1"]

1. c4 e5 2. Nf3 e4 3. Nd4 Nc6 4. e3 g6 5. Nc3 Nf6 6. d3 exd3 7. Bxd3 Bg7 8. 0-0 0-0 9. h3 d6 10. Be2 Nd7 11. Bf3 Nde5 12. Be2 Re8 13. Rb1 Rb8 14. b3 Nxd4 15. exd4 Nc6 16. Be3 Qh4 17. Nb5 Bxh3 18. Qd2 Bd7 19. Nxc7 Re4 20. Bd3 Rg4 21. f3 Rxd4 22. Nb5 Rxd3 23. Qxd3 Bf5 24. Qd2 Bxb1 25. Rxb1 Re8 26. Rd1 Be5 27. f4 Bg7 28. Nxd6 Re7 29. Bf2 Qg4 30. Re1 Nd4 31. Kf1 Rxe1+ 32. Bxe1 b6 33. Ne8 Bh8 34. Nc7 h5 1/2-1/2

[Event "Remote S7E Adv-139 email"]
[Site "Remote email"]
[Date "2014.01.20"]
[Round "?"]
[White "Kirwald, Franz"]
[Black "Wittig, Frank"]
[Result "1/2-1/2"]
[WhiteElo "2268"]
[BlackElo "2313"]
[PlyCount "44"]
[EventDate "2014.??.??"]
[EventType "tourn (corr)"]
[EventRounds "6"]
[EventCountry "GER"]
[SourceTitle "Corr 2015"]
[Source "ChessBase"]
[SourceDate "2015.07.17"]
[SourceVersion "1"]
[SourceVersionDate "2015.07.17"]
[SourceQuality "1"]

1. e4 e5 2. Nf3 Nc6 3. Bb5 Nf6 4. 0-0 Nxe4 5. d4 Be7 6. Qe2 Nd6 7. Bxc6 bxc6 8. dxe5 Nf5 9. Qe4 g6 10. Rd1 0-0 11. c4 f6 12. c5 fxe5 13. Nxe5 Bf6 14. Nc3 Re8 15. Bf4 Kg7 16. Re1 Re6 17. Qd3 Qe7 18. Nf3 Nd4 19. Bd2 Nxf3+ 20. Qxf3 Ba6 21. Rxe6 Qxe6 22. Ne4 Qf5 1/2-1/2

[Event "Remote S7E Pioneer-61 email"]
[Site "Remote email"]
[Date "2014.01.16"]
[Round "?"]
[White "Buchmann, Hans Peter"]
[Black "Kirwald, Franz"]
[Result "0-1"]
[WhiteElo "2128"]
[BlackElo "2268"]
[PlyCount "86"]
[EventDate "2014.??.??"]
[EventType "tourn (corr)"]
[EventRounds "6"]
[EventCountry "GER"]
[SourceTitle "Corr 2015"]
[Source "ChessBase"]
[SourceDate "2015.07.17"]
[SourceVersion "1"]
[SourceVersionDate "2015.07.17"]
[SourceQuality "1"]

1. d4 Nf6 2. Bg5 Ne4 3. Bf4 d5 4. f3 Nf6 5. Nc3 e6 6. Qd2 a6 7. e3 c5 8. Nge2 Nc6 9. 0-0-0 c4 10. a3 b5 11. Kb1 b4 12. axb4 Bxb4 13. e4 0-0 14. Qe3 a5 15. Na4 dxe4 16. fxe4 e5 17. Bg3 Ng4 18. Qg1 exd4 19. Nxd4 Qe8 20. Nb5 Qxe4 21. Nac3 Qg6 22. Bxc4 Bf5 23. Bd3 Bxd3 24. Rxd3 Nge5 25. Bxe5 Nxe5 26. Rg3 Qc6 27. Qe3 Rfe8 28. Rd1 Rab8 29. Nd4 Qc8 30. b3 Ng4 31. Qf3 Ne3 32. Nd5 Nxd5 33. Qxd5 Rd8 34. Qg5 g6 35. Rdd3 Bf8 36. Rc3 Qa6 37. Qf4 Rb7 38. Rgf3 a4 39. Rc7 Rd7 40. Rxb7 Qxb7 41. Ne6 axb3 42. cxb3 Bb4 43. Nd4 Qa7 0-1

[Event "Remote Random-172 email"]
[Site "Remote email"]
[Date "2014.01.10"]
[Round "?"]
[White "Pieleck, Rudolf"]
[Black "Kirwald, Franz"]
[Result "0-1"]
[WhiteElo "1573"]
[BlackElo "2268"]
[PlyCount "38"]
[EventDate "2014.??.??"]
[EventType "tourn (corr)"]
[EventRounds "6"]
[EventCountry "GER"]
[SourceTitle "Corr 2015"]
[Source "ChessBase"]
[SourceDate "2015.07.17"]
[SourceVersion "1"]
[SourceVersionDate "2015.07.17"]
[SourceQuality "1"]

1. e4 e5 2. Bc4 Bc5 3. b4 Bxb4 4. Qf3 Qf6 5. Qb3 Nc6 6. Nf3 Bc5 7. Be2 Nh6 8. d3 Ng4 9. Bg5 Qg6 10. h3 Nf6 11. 0-0 d6 12. Nc3 Bb6 13. Nd5 Nxd5 14. exd5 Na5 15. Qb2 h6 16. Qc1 hxg5 17. Nxg5 Bxh3 18. Nxh3 Rxh3 19. g3 Qxg3# 0-1

[Event "Remote S7E Pro-170 email"]
[Site "Remote email"]
[Date "2013.09.29"]
[Round "?"]
[White "Fernandez Ballon, Armel"]
[Black "Kirwald, Franz"]
[Result "1/2-1/2"]
[WhiteElo "2302"]
[BlackElo "2265"]
[PlyCount "37"]
[EventDate "2013.??.??"]
[EventType "tourn (corr)"]
[EventRounds "6"]
[EventCountry "GER"]
[SourceTitle "Corr 2015"]
[Source "ChessBase"]
[SourceDate "2015.07.17"]
[SourceVersion "1"]
[SourceVersionDate "2015.07.17"]
[SourceQuality "1"]

1. e4 d6 2. Nc3 Nf6 3. f4 e5 4. Nf3 Be7 5. Bc4 0-0 6. d3 Nc6 7. 0-0 Bg4 8. h3 Bxf3 9. Qxf3 Nd4 10. Qf2 c6 11. a4 Nh5 12. g3 d5 13. exd5 Bc5 14. Kh2 exf4 15. gxf4 Nb3 16. Qf3 Nxa1 17. Qxh5 Nxc2 18. dxc6 Bd4 19. cxb7 1/2-1/2

[Event "Remote S7E Pro-168 email"]
[Site "Remote email"]
[Date "2013.08.08"]
[Round "?"]
[White "Tauscher, Karl"]
[Black "Kirwald, Franz"]
[Result "1-0"]
[WhiteElo "2411"]
[BlackElo "2265"]
[PlyCount "95"]
[EventDate "2013.??.??"]
[EventType "tourn (corr)"]
[EventRounds "6"]
[EventCountry "GER"]
[SourceTitle "Corr 2015"]
[Source "ChessBase"]
[SourceDate "2015.07.17"]
[SourceVersion "1"]
[SourceVersionDate "2015.07.17"]
[SourceQuality "1"]

1. e4 e5 2. Nf3 Nc6 3. Bc4 Nf6 4. Ng5 d5 5. exd5 Na5 6. Bb5+ c6 7. dxc6 bxc6 8. Qf3 Qc7 9. Bd3 h6 10. Ne4 Nd5 11. 0-0 Be7 12. Ng3 0-0 13. Bf5 g6 14. Bxc8 Raxc8 15. d3 Kh7 16. Nc3 Nxc3 17. bxc3 f5 18. Rb1 c5 19. Ne2 Bd6 20. c4 Rb8 21. Rxb8 Rxb8 22. Nc3 Bf8 23. Nd5 Qf7 24. Re1 Nc6 25. c3 Bd6 26. Qe3 f4 27. Qe4 Qf5 28. Ba3 Kg7 29. Qxf5 gxf5 30. f3 Kf7 31. Kf2 h5 32. g3 fxg3+ 33. hxg3 Rh8 34. Rh1 e4 35. fxe4 fxe4 36. d4 Na5 37. Bxc5 Nxc4 38. Bxd6 Nxd6 39. a4 Kg6 40. Nf4+ Kg5 41. Rh4 a5 42. Ne6+ Kf6 43. Nc5 Kg5 44. Nxe4+ Nxe4+ 45. Rxe4 Rc8 46. Re5+ Kg4 47. Re3 Rc4 48. d5 1-0

[Event "Remote S7E High email"]
[Site "Remote email"]
[Date "2013.06.11"]
[Round "?"]
[White "Kirwald, Franz"]
[Black "Faber, Hans Alban"]
[Result "1/2-1/2"]
[WhiteElo "2264"]
[BlackElo "2443"]
[PlyCount "122"]
[EventDate "2013.??.??"]
[EventType "tourn (corr)"]
[EventRounds "6"]
[EventCountry "GER"]
[SourceTitle "Corr 2015"]
[Source "ChessBase"]
[SourceDate "2015.07.17"]
[SourceVersion "1"]
[SourceVersionDate "2015.07.17"]
[SourceQuality "1"]

1. d4 Nf6 2. Nf3 e6 3. c4 Be7 4. d5 exd5 5. cxd5 Bb4+ 6. Nc3 0-0 7. e3 d6 8. Bd3 Bxc3+ 9. bxc3 Nxd5 10. Bxh7+ Kxh7 11. Qxd5 Kg8 12. 0-0 Qf6 13. Bd2 Nd7 14. e4 Re8 15. Rfe1 Qg6 16. Nh4 Qh7 17. Nf3 Nc5 18. Ng5 Qg6 19. Bf4 Bd7 20. f3 Re7 21. h4 Rae8 22. Kh2 Bc6 23. Qd4 f6 24. Nh3 Qh5 25. Bg3 Ne6 26. Qxa7 g5 27. Qe3 Rg7 28. Bf2 gxh4 29. Rad1 Nc5 30. Qd2 Nd7 31. Rg1 Ne5 32. Nf4 Qh7 33. Bd4 Kf7 34. Rdf1 Qh6 35. Rf2 Reg8 36. Bxe5 fxe5 37. Nd5 Qg6 38. Rh1 Qg3+ 39. Kg1 h3 40. Ne3 Bd7 41. Rh2 Be6 42. Nf1 Qxf2+ 43. Qxf2 Rxg2+ 44. Rxg2 Rxg2+ 45. Qxg2 hxg2 46. Kxg2 Bxa2 47. Nd2 Kf6 48. Kf2 b5 49. Nf1 Kg5 50. Ke3 c5 51. Kf2 d5 52. exd5 Bxd5 53. Ne3 Bg8 54. Ng4 Kf4 55. Nf6 Bc4 56. Nd7 b4 57. cxb4 cxb4 58. Nb6 Bg8 59. Na4 Bb3 60. Nb2 Bc2 61. Ke2 b3 1/2-1/2

[Event "Remote S7E Pro email"]
[Site "Remote email"]
[Date "2013.05.09"]
[Round "?"]
[White "Kirwald, Franz"]
[Black "Heinrich, Olaf Wittmund"]
[Result "1/2-1/2"]
[WhiteElo "2264"]
[BlackElo "2408"]
[PlyCount "76"]
[EventDate "2013.??.??"]
[EventType "tourn (corr)"]
[EventRounds "6"]
[EventCountry "GER"]
[SourceTitle "Corr 2015"]
[Source "ChessBase"]
[SourceDate "2015.07.17"]
[SourceVersion "1"]
[SourceVersionDate "2015.07.17"]
[SourceQuality "1"]

1. e4 c5 2. Nf3 d6 3. d4 cxd4 4. Nxd4 Nf6 5. Nc3 a6 6. f3 e5 7. Nb3 Be6 8. Be3 Be7 9. Qd2 Nbd7 10. g4 h6 11. h4 b5 12. 0-0-0 Nb6 13. Rg1 b4 14. Qf2 bxc3 15. Bxb6 cxb2+ 16. Kxb2 Qc8 17. g5 hxg5 18. hxg5 Nd7 19. Ba5 Rb8 20. Qd2 Qc5 21. Bxa6 Rh3 22. g6 Rxf3 23. gxf7+ Rxf7 24. Be2 Nf6 25. Qc3 Qxc3+ 26. Bxc3 Nxe4 27. Bh5 Kf8 28. Bxf7 Kxf7 29. Rde1 Nxc3 30. Kxc3 Ra8 31. Kb2 g5 32. Re4 g4 33. Rb4 Bg5 34. a4 Bf5 35. Rbxg4 Bxg4 36. Rxg4 Bf4 37. a5 Rc8 38. c3 Kf6 1/2-1/2

[Event "Remote S7E Pro email"]
[Site "Remote email"]
[Date "2013.05.09"]
[Round "?"]
[White "Skamper, Bernd"]
[Black "Kirwald, Franz"]
[Result "1-0"]
[WhiteElo "2273"]
[BlackElo "2264"]
[PlyCount "71"]
[EventDate "2013.??.??"]
[EventType "tourn (corr)"]
[EventRounds "6"]
[EventCountry "GER"]
[SourceTitle "Corr 2015"]
[Source "ChessBase"]
[SourceDate "2015.07.17"]
[SourceVersion "1"]
[SourceVersionDate "2015.07.17"]
[SourceQuality "1"]

1. e4 d6 2. d4 Nf6 3. Nc3 c6 4. f4 Qa5 5. Bd3 e5 6. Nf3 exd4 7. Nxd4 g6 8. 0-0 Bg7 9. h3 0-0 10. Be3 Nbd7 11. Qf3 Re8 12. Nb3 Qc7 13. a4 b6 14. g4 Bb7 15. a5 c5 16. a6 Bc6 17. Nd2 Rac8 18. Bf2 Nf8 19. Nd5 Qd7 20. Bh4 Nxd5 21. exd5 Ba8 22. c3 b5 23. f5 c4 24. Be4 Qc7 25. f6 Bh8 26. Bf2 Nd7 27. Bd4 Nc5 28. Rfe1 Rcd8 29. g5 Qc8 30. h4 Qc7 31. h5 Qd7 32. hxg6 hxg6 33. Bc2 Rxe1+ 34. Rxe1 Re8 35. Rxe8+ Qxe8 36. Bxc5 1-0

[Event "Remote S7E Pro email"]
[Site "Remote email"]
[Date "2013.05.09"]
[Round "?"]
[White "Tauscher, Karl"]
[Black "Kirwald, Franz"]
[Result "1-0"]
[WhiteElo "2404"]
[BlackElo "2264"]
[PlyCount "113"]
[EventDate "2013.??.??"]
[EventType "tourn (corr)"]
[EventRounds "6"]
[EventCountry "GER"]
[SourceTitle "Corr 2015"]
[Source "ChessBase"]
[SourceDate "2015.07.17"]
[SourceVersion "1"]
[SourceVersionDate "2015.07.17"]
[SourceQuality "1"]

1. e4 d6 2. d4 Nf6 3. f3 Nbd7 4. Be3 c6 5. c4 e5 6. d5 Be7 7. Qd2 0-0 8. Ne2 h6 9. Ng3 Nc5 10. Nc3 Ne8 11. b4 Na6 12. a3 c5 13. Rb1 b6 14. Nf5 Bxf5 15. exf5 Qd7 16. Bd3 Rc8 17. 0-0 Nf6 18. Rfe1 Kh7 19. Qe2 Kg8 20. Bf2 Bd8 21. Rb2 Nh5 22. g3 Nf6 23. Kg2 Be7 24. Bc2 Qc7 25. Nb5 Qd7 26. Ba4 Rfd8 27. h3 cxb4 28. axb4 Nb8 29. Nc3 Qc7 30. Bb3 a6 31. Ra1 Qb7 32. Ne4 h5 33. h4 Qc7 34. Qe3 Nbd7 35. Nxf6+ Bxf6 36. Rxa6 Ra8 37. Rba2 Rxa6 38. Rxa6 Qb7 39. Ra3 Ra8 40. Bd1 Bd8 41. Rxa8 Qxa8 42. Qb3 Qc8 43. Qa4 Nf6 44. Qc6 Qxc6 45. dxc6 Bc7 46. b5 Kf8 47. g4 Ng8 48. Bc2 f6 49. Be4 Ke8 50. gxh5 Nh6 51. Be3 Kd8 52. Kh3 Ke7 53. f4 exf4 54. Bxf4 Nf7 55. Bd5 Nh6 56. Be6 Ke8 57. c5 1-0

[Event "Remote S7E Adv-132 email"]
[Site "Remote email"]
[Date "2013.04.27"]
[Round "?"]
[White "Kirwald, Franz"]
[Black "Vanheiden, Guenter"]
[Result "0-1"]
[WhiteElo "2295"]
[BlackElo "2132"]
[PlyCount "46"]
[EventDate "2013.??.??"]
[EventType "tourn (corr)"]
[EventRounds "6"]
[EventCountry "GER"]
[SourceTitle "Corr 2015"]
[Source "ChessBase"]
[SourceDate "2015.07.17"]
[SourceVersion "1"]
[SourceVersionDate "2015.07.17"]
[SourceQuality "1"]

1. e4 e5 2. Nf3 Nf6 3. Nxe5 d6 4. Nxf7 Kxf7 5. d4 c5 6. dxc5 Bg4 7. Qd3 d5 8. e5 Qe8 9. f4 Nc6 10. h3 Bh5 11. g4 Bg6 12. f5 Qxe5+ 13. Kd1 Bh5 14. Be2 Bxc5 15. gxh5 Rhe8 16. Nc3 Rad8 17. Rf1 d4 18. Na4 Nd5 19. Nxc5 Ncb4 20. Nxb7 Nxd3 21. Nxd8+ Rxd8 22. Bxd3 Ne3+ 23. Bxe3 dxe3 0-1